000 00577nam a2200193Ia 4500
003 LDD
008 181029s9999 xx 000 0 und d
020 _a521861691
_cUS
_89.00
040 _cLDD
100 _aAhmed, Amineh
245 0 _aSorrow and joy among muslim woman
_bThe Pukhtuns of Northern Pakistan
_cAmineh Ahmed
260 _aNew York
_bCambridge University Press
_c2006
300 _axix, 199p.
365 _bUS
_89.00
901 _a3870
_b05-03-2007
902 _aUBS7383
_b15-03-2007
_cF
_dUPPAL
_e64
903 _aDiscount-10
_bReqst by : Anu Aneja
942 _2ddc
_cBK
999 _c78746
_d78746